banner koha

Visualização normal Visualização MARC
  • Secretaria de Estado de Meio Ambiente, do Planejamento, da Ciência e Tecnologia, Campo Grande, MS (Brasil). Inst. de Meio Ambiente de Mato Grosso do Sul

Entrada Entidade coletiva

Número de registros usados ​​em: 1

001 - NÚMERO DE CONTROLE

  • campo de controle : 8903

003 - IDENTIFICADOR DO NÚMERO DE CONTROLE

  • campo de controle : BR-BrNA

005 - DATA E HORÁRIO DA ÚLTIMA TRANSAÇÃO

  • campo de controle : 20230602123631.0

008 - CAMPO DE DADOS FIXOS

  • campo de controle de tamanho fixo : 230503|| acnnnaabn fn aaa d

040 ## - FONTE DA CATALOGAÇÃO

  • Instituição da catalogação original: BR-BrNA

110 1# - CABEÇALHO--ENTIDADE COLETIVA

  • Nome corporativo ou nome da jurisdição: Secretaria de Estado de Meio Ambiente, do Planejamento, da Ciência e Tecnologia, Campo Grande, MS (Brasil). Inst. de Meio Ambiente de Mato Grosso do Sul

BINAGRI

Telefone: (61)3218-2567/2388/3357/2097 - binagri@agro.gov.br

Ministério da Agricultura e Pecuária , Esplanada dos Ministérios, Bloco D, Anexo B, Brasília/DF, CEP: 70.043-900